Nákladová a zisková funkcia v modeloch zásob a ich vzťah s optimalizáciou veľkosti dodávky diplomová práca

Gespeichert in:
Bibliographische Detailangaben
1. Verfasser: Sabo, Roman
Körperschaft: Fakulta hospodárskej informatiky EU. Katedra operačného výskumu a ekonometrie
Weitere Verfasser: Čemická, Katarína
Format: Buch
Sprache:Slowakisch
Veröffentlicht: Bratislava 2014
Tags: Tag hinzufügen
Keine Tags, Fügen Sie das erste Tag hinzu!

MARC

LEADER 00000nbm a2200000 4500
001 0188750
005 20170201110139.5
041 0 |a slo 
044 |a SK 
245 1 0 |a Nákladová a zisková funkcia v modeloch zásob a ich vzťah s optimalizáciou veľkosti dodávky  |b diplomová práca  |c Roman Sabo ; školiteľ: Katarína Čemická 
264 1 |a Bratislava  |c 2014 
300 |a 59 s. 
100 1 |a Sabo, Roman 
700 1 |a Čemická, Katarína 
710 2 |a Fakulta hospodárskej informatiky EU. Katedra operačného výskumu a ekonometrie